Why Don't We Band Members! - Statistics

General Stats
  • This quiz has been taken 297 times
  • The average score is 5 of 5
Answer Stats
Hint Answer % Correct
BEST (arguably) Corbyn Besson
98%
20 Years Old per Feb. 2020 Daniel Seavey
98%
Noddle Hair Jack Avery
98%
Youngest Zach Herron
97%
Oldest Jonah Marais
93%
No matching quizzes found
Score Distribution
Percent of People with Each Score
Percentile by Number Answered
Your Score History
You have not taken this quiz